000 00996nam a22003131 4500
001 01107648
003 DO-SdBNP
005 20240613135159.0
007 01107648
008 920725s2007 pr spa
017 _a
_b
020 _a0847725049
035 _a
040 _aBPMSU
_bspa
_cBPMSU
082 4 _a796.13
_bV436j 2005
_222
100 1 _aVélez Adorno, Calixta
245 1 0 _aJuegos infantiles de Puerto Rico /
_cCalixta Vélez Adorno ; ilustraciones Evelio Cortés
_b
_h
260 _aPuerto Rico :
_bUniversidad de Puerto Rico,
_c2007
300 _a256 p. :
_bil,. ;
_c26 cm
500 _aIncluye referencias bibliográficas y notas al pie de las páginas
504 _aBibliografía :245-250I
590 _aInventariado, 2025/VM
650 4 _aJuegos infantiles
_xEnseñanza
_z Puerto Rico.
700 1 _aCortés , Evelio
_cilustraciones
710 2 _aUniversidad de Puerto Rico
900 _6
910 _aVMateo V. Control de calidad. BPMSU
942 _2ddc
_cBK
999 _c14666
_d14666